02888nam a22003255i 450000100090000000300050000900500170001400800410003101000170007202000310008903500130012004000290013304200080016205000200017008200210019010000260021124500680023725000170030526300090032226400440033130000490037533600260042433700280045033800270047850400510050550507500055652011730130665000220247965000610250123140340CSPC20260312134125.0230522s2024 cau 000 0 eng  a 2023939237 a9781529630008q(paperback) a23140340 aDLCbengerdacDLCdCSPC apcc00aHA32b.F54 202404a519.50285bF453d1 aField, Andy,eauthor.10aDiscovering statistics using IBM SPSS statistics /cAndy Field. a6th edition. a2402 1aLondon ;aThousand Oaks :bSage,c2024. axxxii, 1110 pages :billustrations ;c27 cm. atextbtxt2rdacontent aunmediatedbn2rdamedia avolumebnc2rdacarrier aIncludes bibliographical references and index.0 aWhy is my evil lecturer me to learn statistics -- The spine of statistics -- The phoenix of statistics -- The IBM spss statistics environment -- Visualizing data -- The beast of bias -- Non-parametric -- Correlation -- The linear model (regression) -- Categorical predictors: comparing two means -- Moderation and mediation -- GLM 1: Comparing several independent means -- GLM 2: Comparing means adjusted for other predictors (Analysis of covariance) GLM 3: Factorial designs -- GLM 4: Repeated-measures designs -- GLM 5: Mixed designs -- Multivariate analysis of variance (Manova) -- Exploratory factor analysis -- Categorical outcomes: chi-square and loglinear analysis -- Categorical outcomes: logistic regression -- Multilevel linear models. a"With its unique combination of humour and step-by-step instruction, this award-winning book is the statistics lifesaver for everyone. From initial theory through to regression, factor analysis and multilevel modelling, Andy Field animates statistics and SPSS software with his famously bizarre examples and activities. Features: Flexible coverage to support students across disciplines and degree programmes Can support classroom or lab learning and assessment Analysis of real data with opportunities to practice statistical skills Highlights common misconceptions and errors A revamped online resource that uses video, case studies, datasets, testbanks and more to help students negotiate project work, master data management techniques, and apply key writing and employability skills Now fully up to date with latest versions of IBM SPSS Statistics©. All the online resources above (video, case studies, datasets, testbanks) can be easily integrated into your institution's virtual learning environment or learning management system. This allows you to customize and curate content for use in module preparation, delivery and assessment"--cProvided by publisher. 0aSPSS for Windows. 0aSocial sciencesvStatistical methodsxComputer programs.